| 000 | 03358njm a2200481Ia 4500 | ||
|---|---|---|---|
| 001 | 25680 | ||
| 003 | IT-RoPAU | ||
| 005 | 20220918181122.0 | ||
| 008 | 131025s9999 xx 000 0 und d | ||
| 040 | _aIT-RoPAU | ||
| 040 | _cIT-RoPAU | ||
| 999 |
_c99876 _d99876 |
||
| 999 | _bn.d. | ||
| 100 |
_aAA.VV. _9794 |
||
| 100 |
_eAutore musica _913535 |
||
| 100 |
_gCodice autore musica SPICS: 12000 _9796 |
||
| 245 | _aBebop | ||
| 250 | _a2a ed. | ||
| 260 | _aMILANO | ||
| 260 |
_bMUSICA JAZZ _c1982 [1a Ed.:] |
||
| 300 | _aDISCO | ||
| 300 | _c38 minuti (Testo: pag.) | ||
| 500 | _aMusica jazz. Disco fuori commercio allegato al n. 6 '82 della rivista "Musica jazz". Bebop | ||
| 505 | _aA Night in Tunisia I e II parte [(New York, Carnegie Hall, 29 settembre 1947) (Gillespie Dizzy) (6:00)] - Groovin' High I e II parte [(New York, Carnegie Hall, 29 settembre 1947) (Gillespie Dizzy) (6:00)] - I Can't Get Started (Parigi, 9 febbraio 1953) (Gillespie Dizzy) (4:00)] - Good Bait [(Parigi, 9 febbraio 1953) (Gillespie Dizzy) (5:00)] - Quasimodo [(New York, 28 ottobre 1947) (Parker Charlie B.) (3:00)] - (Parker Charlie B.) (3:00)] - Embraceable You ](New York, 28 ottobre 1947) (Parker Charlie B.) (4:00)] - Scrapple From the Apple [(New York, 28 ottobre 1947) (Parker Charlie B.) (3:00)] - Don't Blame me [(New York, 28 ottobre 1947) (Parker Charlie B.) (3:00)] - Cool Blues [(New York, Carnegie Hall, 25 settembre 1954) (Parker Charlie B.) (3:00)] - Hallucinations (New York, Autunno 1964) (Powell Bud) (5:00)] | ||
| 511 | _aGillespie Dizzy: tr; Parker Charlie: alto; Lewis John: p; McKibbon Al: cb; Harris Joe: batt | ||
| 511 | _aGillespie Dizzy: tr; Graham Bill: alto e bar; Legge Wade: p; Hackney Lou: cb; Jones Al: batt | ||
| 511 | _aParker Charlie: alto; Davis Miles: tr; Johnsons J.J.: trne; Jordan Duke: p; Potter Tommy: cb; Roach Max: batt | ||
| 511 | _aParker Charlie: alto; Davis Miles: tr; Jordan Duke: p; Potter Tommy: cb; Roach Max: batt | ||
| 511 | _aParker Charlie: alto; Lewis John: p; Heath Percy: cb; Clarke Kenny: batt | ||
| 511 | _aPowell Bud: p; Ore John: cb; Moses J.C.: batt | ||
| 650 |
_aJAZZ [DISCHI] _eCodice MATERIA SPICS: 9950 _913536 |
||
| 700 |
_aGillespie Dizzy _dCodice autore musica SPICS: 10777 _eAutore musica _pA Night in Tunisia I e II parte - Groovin' High I e II parte _913537 |
||
| 700 |
_aPaparelli Frank _dCodice autore SPICS: 18047 _eAutore _pA Night in Tunisia I e II parte _913538 |
||
| 700 |
_aGershwin Ira _dCodice autore musica SPICS: 10501 _eAutore musica _pI Can't Get Started - Embraceable You _913539 |
||
| 700 |
_aDuke Vernon _dCodice autore SPICS: 16363 _eAutore _pI Can't Get Started _913540 |
||
| 700 |
_aDameron Tadd _dCodice autore musica SPICS: 10526 _eAutore musica _pGood Bait _913541 |
||
| 700 |
_aBasie Count _dCodice autore SPICS: 10545 _eAutore _pGood Bait _913542 |
||
| 700 |
_aParker Charlie (B.) _dCodice autore musica SPICS: 10799 _eAutore musica _pQuasimodo - Scrapple From the Apple - Cool Blues _913543 |
||
| 700 |
_aGershwin George _dCodice autore musica SPICS: 10668 _eAutore musica _pEmbraceable You _913544 |
||
| 700 |
_aField Michel _dCodice autore musica SPICS: 21814 _eAutore musica _913545 |
||
| 700 |
_aMcHugh Jimmy _dCodice autore SPICS: 16297 _eAutore _pDon't Blame me _913546 |
||
| 700 |
_aPowell Bud _dCodice autore musica SPICS: 10500 _eAutore musica _pHallucinations _913547 |
||
| 942 |
_cMD _2ddc |
||